|
|
|
|
| LEADER |
00000nam0a2200000 4500 |
| 001 |
55618 |
| 005 |
20231031052513.0 |
| 035 |
|
|
|a (RuTPU)RU\TPU\book\58374
|
| 090 |
|
|
|a 55618
|
| 100 |
|
|
|a 20030918d1976 m y0rusy50 ca
|
| 101 |
0 |
|
|a rus
|
| 102 |
|
|
|a RU
|
| 105 |
|
|
|a a j 001zy
|
| 200 |
1 |
|
|a Элементы и узлы ЭЦВМ
|e учебное пособие
|f Е. П. Угрюмов
|
| 210 |
|
|
|a Москва
|c Высшая школа
|d 1976
|
| 215 |
|
|
|a 228 с.
|c ил.
|
| 320 |
|
|
|a Библиогр.: с. 228
|
| 610 |
1 |
|
|a цифровые вычислительные машины
|
| 610 |
1 |
|
|a полупроводниковые элементы
|
| 610 |
1 |
|
|a узлы
|
| 610 |
1 |
|
|a расчеты
|
| 610 |
1 |
|
|a построение
|
| 610 |
1 |
|
|a интегральные микросхемы
|
| 610 |
1 |
|
|a учебные пособия
|
| 675 |
|
|
|a 681.322:621.382(075.8)
|v 3
|
| 700 |
|
1 |
|a Угрюмов
|b Е. П.
|g Евгений Павлович
|
| 801 |
|
1 |
|a RU
|b 63413507
|c 20030918
|g PSBO
|
| 801 |
|
2 |
|a RU
|b 63413507
|c 20161020
|g PSBO
|
| 942 |
|
|
|c BK
|